000 00821nam a22002535i 4500
001 165400
003 ES-MaACL
005 20240218063024.0
008 960304s1857 fr |||| | fre d
040 _aEUS
_bspa
_cEUS
100 1 _aSimon, Jules,
_d1814-1896
_9224189
245 1 3 _aLa religion naturelle /
_cpar Jules Simon.
250 _a4e éd.
260 _aParis :
_bLibrairie de L. Hachette et C\pie\s,
_c1857 (
_fCh. Lahure, imprimeur du Sénat et de la Cour de Cassation)
300 _aXXXI, 412 p. ;
_c17 cm.
596 1 _aColofón.
597 1 _aSignaturizado numéricamente.
597 1 _aAntep.
700 1 1 _aLahure, Ch.,
_eimp.
_9224186
710 2 1 _aHachette,
_eed.
_9134431
752 _aFrancia -
_d, París
852 _aES-MaACL
_jD-4900
_z-- Enc. hol.
999 _c165400
_d165400